Latin American Countries Quiz Stats

 Plays Quiz not verified by Sporcle

Support Sporcle.
Go Orange.
Score 0/25 Timer 10:00
1 Play Today
% Correct
???
48.2%
???
47.5%
???
47%
???
45.2%
???
43.9%
???
43.8%
???
43.3%
???
42.8%
???
42.6%
???
42.5%
???
41.7%
???
41.6%
???
41.4%
% Correct
???
41.3%
???
41.1%
???
40.8%
???
40.2%
???
39.2%
???
38.5%
???
38.5%
???
38.4%
???
38.3%
???
37.8%
???
36.7%
???
36.2%

You're not logged in!

Compare scores with friends on all Sporcle quizzes.
OR
Log In

From the Vault

Colored Symbol Selection IV

by goc3

In this case, X doesn't mark the spot.
Remove Ads.
Support Sporcle.
Get the best of Sporcle when you Go Orange. This ad-free experience offers more features, more stats, and more fun while also helping to support Sporcle. Thank you for becoming a member.

Show Comments

Extras

Top Quizzes Today


Score Distribution

Your Account Isn't Verified!

In order to create a playlist on Sporcle, you need to verify the email address you used during registration. Go to your Sporcle Settings to finish the process.

Report this User

Report this user for behavior that violates our Community Guidelines.

Details: